| 000 | 00762nmc a2200289 a 4500 | ||
|---|---|---|---|
| 003 | AR-BaBNM | ||
| 005 | 20251128211632.0 | ||
| 008 | 215020s1993 ||||||||||||||000 | spa|| | ||
| 020 | _a0-435-282-484 | ||
| 040 | _cAR-BaBNM | ||
| 100 | 1 | _aRibé, Ramón | |
| 245 | 1 | 0 | _aProyect work |
| 260 |
_aOxford _bHeinemann _c1993 |
||
| 300 | 0 |
_a94 p. _btablas |
|
| 490 | 0 | _aHandbooks for the English Classroom | |
| 650 | 4 | _aAMBIENTE DE LA CLASE | |
| 650 | 4 | _aINTERES [APRENDIZAJE] | |
| 650 | 4 | _aCURRICULO | |
| 650 | 4 | _aESTRATEGIAS DE APRENDIZAJE | |
| 650 | 4 | _aRELACION ALUMNO-DOCENTE | |
| 650 | 4 | _aEVALUACION DEL PROGRAMA | |
| 650 | 4 | _aROL DEL DOCENTE | |
| 653 | 0 | _aPROYECTOS CURRICULARES | |
| 700 | 1 | _aVidal, Núria | |
| 942 | _cBK | ||
| 998 | _cEugenia | ||
| 999 |
_c20533 _d20533 |
||